000 00665nam a2200205 a 4500
001 000011277
005 20230526131558.0
008 091015s1998 dr a r 000 0 spa d
040 _aDO-SdBNP
_bspa
_cBNPHU
082 _a862.2
_bR741c, 1998
100 1 _aRojas, Fernando de,
_d1470-1541
_939878
245 1 3 _aLa Celestina /
_cFernando de Rojas.
250 _a6a ed.
260 _aSanto Domingo :
_bAlfa y Omega,
_c1998.
300 _a183 p. :
_bil. ;
_c20 cm.
500 _aIncluye datos biográficos del autor : p. 5-7
590 _aInventariado, 2018/MFF
650 4 _aTeatro español
_xLiteratura española
_926854
910 _aValidado. Control de calidad. MFF
999 _c10994
_d10994